[Event "40. Turnaj sachovych nadeji - U12"]
[Site "ND Frydek-Mistek, Czech Republic"]
[Date "2019.04.21"]
[Round "7"]
[White "Yu, Daniel"]
[Black "Jasso, Matej"]
[Result "1/2-1/2"]
[WhiteElo "1415"]
[BlackElo "1358"]
[PlyCount "0"]
[EventDate "2019.04.18"]

1. d4 Nf6 2. c4 g6 3. g3 Bg7 4. Bg2 O-O 5. Nc3 d6 6. Nf3 Nbd7 7. O-O Re8 8. Nd2
c6 9. Nb3 Qc7 10. e4 a6 11. Be3 e5 12. d5 c5 13. Qe2 Rb8 14. Rac1 Nb6 15. h3 h6
16. Bd2 Bd7 17. Qd3 Rec8 18. f4 Nh5 19. g4 Nxf4 20. Bxf4 exf4 21. Rxf4 Be8 22.
Nd2 Be5 23. Rff1 Bd4+ 24. Kh1 Nd7 25. Nf3 Ne5 26. Nxe5 Bxe5 27. b3 Qe7 28. Rc2
Rc7 29. Ne2 Qg5 30. Ng1 b5 31. Nf3 Qe7 32. Nxe5 Qxe5 33. Qe3 Kh7 34. Qf4 Qxf4
35. Rxf4 bxc4 36. Rxc4 Rb4 37. Bf1 Rxc4 38. Bxc4 Bb5 39. Bxb5 axb5 40. Rf3 Kg7
41. Kg2 Ra7 42. Rf2 Re7 43. Kf3 Kf6 44. Ke3+ Kg5 45. Kd3 Kh4 46. Rf3 1/2-1/2

[Event "40. Turnaj sachovych nadeji - U12"]
[Site "ND Frydek-Mistek, Czech Republic"]
[Date "2019.04.22"]
[Round "8"]
[White "Nemec, Jachym"]
[Black "Smolik, Jachym"]
[Result "0-1"]
[WhiteElo "1853"]
[BlackElo "1675"]
[PlyCount "0"]
[EventDate "2019.04.18"]

1. e4 c5 2. Nf3 Nc6 3. d4 cxd4 4. Nxd4 e6 5. Nc3 Qc7 6. Be2 a6 7. O-O Nf6 8.
Bg5 Be7 9. Qd2 O-O 10. a4 h6 11. Bxf6 Bxf6 12. Nb3 Ne7 13. Nd1 d5 14. exd5 Nxd5
15. c4 Nf4 16. Ne3 Rd8 17. Qc2 Nxe2+ 18. Qxe2 Qe5 19. Rab1 Bd7 20. Nd2 Bxa4 21.
Nf3 Qe4 22. b4 Bc6 23. Rb3 b5 24. c5 Bd5 25. Nd2 Qe5 26. f4 Qc7 27. Nxd5 exd5
28. Qf3 a5 29. Rc1 a4 30. Rd3 Bb2 31. Rc2 a3 32. Nb3 d4 33. g3 Bc3 34. Qg2 Bxb4
35. Rxd4 Ra4 36. Rxd8+ Qxd8 37. Qe2 Ra8 38. Qe4 a2 39. Kg2 Ra3 40. Na1 Bc3 41.
Qf3 b4 42. c6 Bxa1 43. c7 Qc8 44. Qc6 Bc3 45. Re2 Ra8 0-1

[Event "40. Turnaj sachovych nadeji - U12"]
[Site "ND Frydek-Mistek, Czech Republic"]
[Date "2019.04.22"]
[Round "8"]
[White "Warchol, Kamil"]
[Black "Paseka, Matyas"]
[Result "1/2-1/2"]
[WhiteElo "1609"]
[BlackElo "1910"]
[PlyCount "0"]
[EventDate "2019.04.18"]

1. e4 c5 2. Nf3 d6 3. d4 cxd4 4. Nxd4 Nf6 5. Nc3 a6 6. Bc4 e6 7. O-O b5 8. Bb3
Be7 9. Re1 O-O 10. a3 Bb7 11. Ba2 Nbd7 12. f3 Rc8 13. Be3 Ne5 14. Qd2 Nc4 15.
Bxc4 Rxc4 16. Rad1 Qc7 17. Bf2 d5 18. exd5 Nxd5 19. Nxd5 Bxd5 20. Nf5 Bc5 21.
Bxc5 Qxc5+ 22. Ne3 Bc6 23. Kh1 Rh4 24. Qd6 Qxd6 25. Rxd6 Rc8 26. Red1 Kf8 27.
c3 h5 28. Nc2 Rc4 29. R1d4 Ke7 30. Nb4 Rxd4 31. Rxd4 a5 32. Nxc6+ Rxc6 33. Kg1
Rd6 34. Kf2 e5 35. Re4 f6 36. Ke2 Ke6 37. g4 hxg4 38. Rxg4 g5 39. h4 gxh4 40.
Rxh4 Kd5 41. Kd3 f5 42. a4 Kc5+ 43. Kc2 b4 44. cxb4+ axb4 45. b3 f4 46. Rh2 Rg6
47. Re2 Kd4 48. Re4+ Kd5 49. Rxb4 Rg3 50. a5 Rxf3 51. a6 Rf2+ 52. Kb1 1/2-1/2

[Event "40. Turnaj sachovych nadeji - U12"]
[Site "ND Frydek-Mistek, Czech Republic"]
[Date "2019.04.22"]
[Round "8"]
[White "Soucek, Jan"]
[Black "Jasso, Matej"]
[Result "1/2-1/2"]
[WhiteElo "1525"]
[BlackElo "1358"]
[PlyCount "0"]
[EventDate "2019.04.18"]

1. d4 Nf6 2. Nf3 e6 3. g3 g6 4. Bg5 Bg7 5. Bg2 d6 6. O-O O-O 7. Qc1 Re8 8. Nc3
Nbd7 9. Rd1 Nb6 10. e4 Qd7 11. Ne5 Qe7 12. Nc6 Qf8 13. Na5 e5 14. d5 h6 15. Bd2
Kh7 16. h3 Nbd7 17. Nb5 Rd8 18. Nxc7 Rb8 19. Nb5 Nc5 20. Re1 Bd7 21. Na3 b6 22.
N5c4 Rdc8 23. Qd1 Na4 24. Bb4 Ne8 25. b3 Nc5 26. Bxc5 Rxc5 27. Bf1 f5 28. f3
Nf6 29. Bg2 Rbc8 30. Qd2 R8c7 31. Qe2 b5 32. Nb2 Qc8 33. Nd3 Rc3 34. Kh2 fxe4
35. fxe4 Qa6 36. Nb1 Rxc2 37. Qd1 Qc8 38. Na3 R2c3 39. Qd2 Qa6 40. Rac1 Rxc1
41. Rxc1 Rxc1 42. Qxc1 Qb6 43. Nb4 Qf2 44. Qc7 Nxe4 45. Qxd7 Qxg3+ 46. Kg1 Qe1+
47. Kh2 Qxb4 48. Nxb5 Qd2 49. Nxd6 Qf4+ 50. Kg1 Qf2+ 51. Kh2 Qg3+ 52. Kg1 Qf2+
53. Kh2 Ng5 54. Kh1 Qe1+ 55. Kh2 Qf2 56. Kh1 Qe1+ 57. Kh2 Qf2 58. Kh1 1/2-1/2

[Event "40. Turnaj sachovych nadeji - U15"]
[Site "ND Frydek-Mistek, Czech Republic"]
[Date "2019.04.18"]
[Round "1"]
[White "Mach, Petr"]
[Black "Fizerova, Lucie"]
[Result "1-0"]
[WhiteElo "2022"]
[BlackElo "1447"]
[PlyCount "0"]
[EventDate "2019.04.18"]

1. d4 Nf6 2. c4 e6 3. Nf3 b6 4. Nc3 Bb4 5. Bg5 Bb7 6. e3 O-O 7. Bd3 d5 8. cxd5
exd5 9. O-O Bxc3 10. bxc3 Re8 11. Ne5 h6 12. Bh4 Nc6 13. Nxc6 Bxc6 14. Qf3 a6
15. Bxf6 Qxf6 16. Qxf6 gxf6 17. c4 dxc4 18. Bxc4 b5 19. Bb3 Bb7 20. Rfc1 Re7
21. Rc5 Rd8 22. Rac1 Rdd7 23. Bd1 Bd5 24. Bg4 Be6 25. Bxe6 fxe6 26. Rc6 a5 27.
R6c5 b4 28. Rxa5 Kf7 29. Rb5 e5 30. d5 Kg6 31. e4 f5 32. f3 fxe4 33. fxe4 Rd6
34. Rxb4 1-0

[Event "40. Turnaj sachovych nadeji - U15"]
[Site "ND Frydek-Mistek, Czech Republic"]
[Date "2019.04.18"]
[Round "1"]
[White "Habinova, Alice"]
[Black "Frank, Adam"]
[Result "0-1"]
[WhiteElo "1440"]
[BlackElo "2015"]
[PlyCount "0"]
[EventDate "2019.04.18"]

1. e4 e5 2. f4 exf4 3. Nf3 d5 4. exd5 Nf6 5. Bc4 Be7 6. Nc3 O-O 7. O-O Nbd7 8.
d4 Nb6 9. Bb3 Nbxd5 10. Nxd5 Nxd5 11. Bxd5 Qxd5 12. Bxf4 Bg4 13. Bxc7 Bf6 14.
c3 Rfe8 15. Qc2 Bxf3 16. Rxf3 Re7 17. Bg3 Rae8 18. Qb3 Qg5 19. Raf1 b6 20. Bf4
Qg6 21. Rg3 Qh5 22. Qc4 Re2 23. Qa4 Bh4 24. Be5 f6 25. Rgf3 Rxb2 26. Qc4+ Qf7
27. Qxf7+ Kxf7 28. g3 Bg5 29. R1f2 Rb1+ 30. Rf1 Rxf1+ 31. Kxf1 Ke6 32. Bf4 Bxf4
33. Rxf4 Kd5 34. Kf2 Kc4 35. Rf3 Re7 36. Re3 Rd7 37. Ke2 g6 38. Kd2 g5 39. g4
Rf7 40. Rf3 h5 41. h3 hxg4 42. hxg4 Rh7 43. Kc2 Rh2+ 44. Kb1 Rg2 45. Rxf6 Kxc3
46. Rc6+ Kxd4 47. Rc7 a5 48. Rc6 b5 49. Ra6 a4 50. Rb6 Kc5 51. Rb8 Rxg4 52.
Rc8+ Kb4 0-1

[Event "40. Turnaj sachovych nadeji - U15"]
[Site "ND Frydek-Mistek, Czech Republic"]
[Date "2019.04.18"]
[Round "1"]
[White "Nytra, Ondrej"]
[Black "Rayner, Hugo"]
[Result "0-1"]
[WhiteElo "1896"]
[BlackElo "1433"]
[PlyCount "0"]
[EventDate "2019.04.18"]

1. e4 c5 2. Nf3 d6 3. d4 cxd4 4. Nxd4 Nf6 5. Nc3 g6 6. Be2 Bg7 7. O-O O-O 8.
Re1 Nc6 9. Nb3 Bd7 10. Bf1 Rc8 11. Nd5 Nxd5 12. exd5 Ne5 13. c3 Bf5 14. Nd4 Bd7
15. Bg5 Re8 16. Qb3 Rb8 17. Nb5 Bxb5 18. Bxb5 Nd7 19. Qa4 Nc5 20. Qg4 Rf8 21.
Bxe7 Qb6 22. Bxf8 Rxf8 23. b4 Qxb5 24. bxc5 Qxc5 25. Rab1 Qxc3 26. Qf3 Qa5 27.
Rxb7 Qxe1# 0-1

[Event "40. Turnaj sachovych nadeji - U15"]
[Site "ND Frydek-Mistek, Czech Republic"]
[Date "2019.04.18"]
[Round "2"]
[White "Strnadova, Monika"]
[Black "Mach, Petr"]
[Result "0-1"]
[WhiteElo "1567"]
[BlackElo "2022"]
[PlyCount "0"]
[EventDate "2019.04.18"]

1. e4 c5 2. Nf3 e6 3. d4 cxd4 4. Nxd4 Nf6 5. Nc3 Nc6 6. Be3 Bb4 7. f3 d5 8.
Nxc6 bxc6 9. e5 Nd7 10. f4 O-O 11. Be2 c5 12. Bd2 Bb7 13. O-O a6 14. Bf3 Qc7
15. Kh1 Rfd8 16. a3 Ba5 17. b4 cxb4 18. axb4 Bb6 19. Qe2 Rac8 20. Rfc1 Bd4 21.
Ra3 Nb6 22. Qd3 Nc4 23. Rb3 Nxd2 0-1

[Event "40. Turnaj sachovych nadeji - U15"]
[Site "ND Frydek-Mistek, Czech Republic"]
[Date "2019.04.18"]
[Round "2"]
[White "Frank, Adam"]
[Black "Gebauer, Adam"]
[Result "1-0"]
[WhiteElo "2015"]
[BlackElo "1560"]
[PlyCount "0"]
[EventDate "2019.04.18"]

1. e4 e6 2. d4 d5 3. Nd2 Nf6 4. e5 Nfd7 5. Bd3 c5 6. c3 Nc6 7. Ne2 cxd4 8. cxd4
f6 9. exf6 Nxf6 10. O-O Bd6 11. Nf3 O-O 12. g3 a6 13. Bf4 Bxf4 14. Nxf4 Qb6 15.
Re1 Re8 16. Rc1 Bd7 17. Bb1 Rad8 18. Qd3 Ne7 19. Ne5 Bc8 20. Rcd1 Qxb2 21. f3
Qb5 22. Qc2 Rd6 23. g4 g6 24. Nfxg6 Nxg6 25. Nxg6 Rc6 26. Qd2 Rc7 27. Qg5 Rg7
28. Qxf6 hxg6 29. Rc1 Rf8 30. Rxc8 Rxc8 31. Qxe6+ Kh7 32. Qxc8 Qb4 33. Rd1 Qa3
34. Rd3 Qb2 35. Qc2 Qxc2 36. Bxc2 Rc7 37. Bb3 1-0

[Event "40. Turnaj sachovych nadeji - U15"]
[Site "ND Frydek-Mistek, Czech Republic"]
[Date "2019.04.18"]
[Round "2"]
[White "Rokos, Filip"]
[Black "Cox, Toby"]
[Result "1-0"]
[WhiteElo "1835"]
[BlackElo "1551"]
[PlyCount "0"]
[EventDate "2019.04.18"]

1. e4 e6 2. d4 d5 3. Nd2 Nf6 4. e5 Nfd7 5. Bd3 c5 6. c3 Nc6 7. Ne2 Qb6 8. Nf3
cxd4 9. cxd4 f6 10. exf6 Nxf6 11. O-O Bd6 12. Nc3 O-O 13. a3 a6 14. Bc2 Bd7 15.
Qd3 Be8 16. Qe2 Bf7 17. Be3 Bh5 18. Qd3 Qc7 19. Ng5 Bg6 20. Qe2 Bxc2 21. Qxc2
Bxh2+ 22. Kh1 Rae8 23. g3 Bxg3 24. fxg3 Qxg3 25. Rf3 Qg4 26. Rg1 Nxd4 27. Qa4
Qxf3+ 28. Nxf3 Nxf3 29. Rf1 Ne5 30. Bc5 Nc4 31. Bxf8 Rxf8 32. Qb4 b5 33. Qe7
Re8 34. Qa7 d4 35. Ne4 Nxe4 36. Qf7+ Kh8 37. Qxe8# 1-0

[Event "40. Turnaj sachovych nadeji - U15"]
[Site "ND Frydek-Mistek, Czech Republic"]
[Date "2019.04.19"]
[Round "3"]
[White "Mach, Petr"]
[Black "John, Joshua"]
[Result "1-0"]
[WhiteElo "2022"]
[BlackElo "1665"]
[PlyCount "0"]
[EventDate "2019.04.18"]

1. d4 Nf6 2. c4 g6 3. Nc3 d5 4. cxd5 Nxd5 5. e4 Nxc3 6. bxc3 Bg7 7. Nf3 c5 8.
Rb1 Nc6 9. d5 Ne5 10. Bb5+ Bd7 11. O-O a6 12. Bxd7+ Qxd7 13. Nxe5 Bxe5 14. c4
O-O 15. Be3 Rfc8 16. f4 Bc3 17. Qb3 Bd4 18. Bxd4 cxd4 19. Qxb7 Qd6 20. Qb4 Qc5
21. Qxc5 Rxc5 22. Rb7 Kf8 23. f5 d3 24. fxg6 hxg6 25. d6 Re8 26. d7 Rd8 27. e5
Rxe5 28. Rc7 Kg7 29. Rd1 Re6 30. c5 Re2 31. Rxd3 Rb8 32. Rb3 Rxb3 33. axb3 Rd2
34. c6 Kf6 35. Rc8 e5 36. d8=Q+ Rxd8 37. Rxd8 e4 38. c7 e3 39. c8=Q e2 40. Qc6+
Kg7 41. Qc3+ Kh6 42. Rh8+ Kg5 43. Qe5+ f5 44. h4+ Kg4 45. Qxe2+ Kf4 46. g3+
Kxg3 47. Qf2+ Kg4 48. Rg8 Kh5 49. Qg3 f4 50. Qg5# 1-0

[Event "40. Turnaj sachovych nadeji - U15"]
[Site "ND Frydek-Mistek, Czech Republic"]
[Date "2019.04.19"]
[Round "3"]
[White "Meremyanina, Kseniya"]
[Black "Frank, Adam"]
[Result "1/2-1/2"]
[WhiteElo "1577"]
[BlackElo "2015"]
[PlyCount "0"]
[EventDate "2019.04.18"]

1. e4 d6 2. d3 c5 3. Nc3 g6 4. Be3 Bg7 5. Qd2 Nc6 6. g3 Qb6 7. Nd1 Nf6 8. Bh6
Bxh6 9. Qxh6 Nd4 10. Qd2 Bg4 11. c3 Nf3+ 12. Nxf3 Bxf3 13. Rg1 c4 14. Be2 Bxe2
15. Qxe2 cxd3 16. Qxd3 O-O 17. Kf1 Rfd8 18. Kg2 d5 19. e5 Nd7 20. Re1 Nc5 21.
Qd4 Qc6 22. Kg1 Ne6 23. Qh4 d4 24. Qxe7 Rd7 25. Qf6 Rad8 26. cxd4 Nxd4 27. Qxc6
bxc6 28. Rf1 Ne2+ 29. Kg2 Rd2 30. b3 R8d3 31. Ne3 Nc3 32. Nc4 Re2 33. Rfe1 Rc2
34. Rec1 Re2 35. Re1 Rc2 36. Rec1 Re2 37. Re1 1/2-1/2

[Event "40. Turnaj sachovych nadeji - U15"]
[Site "ND Frydek-Mistek, Czech Republic"]
[Date "2019.04.19"]
[Round "3"]
[White "Buchta, Ferdinand"]
[Black "Rokos, Filip"]
[Result "0-1"]
[WhiteElo "1494"]
[BlackElo "1835"]
[PlyCount "0"]
[EventDate "2019.04.18"]

1. d4 e6 2. c4 d5 3. Nc3 Nf6 4. e3 Be7 5. Nf3 O-O 6. Qc2 b6 7. cxd5 exd5 8. Bd3
Bb7 9. O-O c5 10. Re1 Nc6 11. a3 Rc8 12. Bf5 Ra8 13. Ne5 Bd6 14. f4 cxd4 15.
Nxc6 Bxc6 16. exd4 Bd7 17. Bd2 Qc7 18. Rac1 Bxf4 19. Bxd7 Bxd2 20. Qxd2 Qxd7
21. Re5 Rfe8 22. Rce1 h6 23. R1e3 Rad8 24. Qe2 Rxe5 25. Rxe5 Re8 26. h3 Kf8 27.
Kf2 Qc6 28. Kf3 Re6 29. Qa6 Rxe5 30. dxe5 d4+ 31. Kf2 dxc3 32. bxc3 Ne4+ 33.
Kg1 0-1

[Event "40. Turnaj sachovych nadeji - U15"]
[Site "ND Frydek-Mistek, Czech Republic"]
[Date "2019.04.19"]
[Round "4"]
[White "Rokos, Filip"]
[Black "Mach, Petr"]
[Result "0-1"]
[WhiteElo "1835"]
[BlackElo "2022"]
[PlyCount "0"]
[EventDate "2019.04.18"]

1. e4 c6 2. d4 d5 3. exd5 cxd5 4. c4 Nf6 5. Nc3 Nc6 6. Nf3 g6 7. Be2 Bg7 8. O-O
O-O 9. b3 Ne4 10. Bb2 Nxc3 11. Bxc3 Bg4 12. Qd2 dxc4 13. bxc4 Bxf3 14. Bxf3
Bxd4 15. Bxd4 Nxd4 16. Bd5 Nc6 17. Qh6 e6 18. Bxc6 bxc6 19. Rad1 Qf6 20. Rd6
Rac8 21. Rfd1 Qb2 22. Qd2 Qxd2 23. R1xd2 Rb8 24. g3 Rb6 25. Rd7 Rb4 26. Rxa7
Rxc4 27. Rdd7 Rc1+ 28. Kg2 c5 29. Rdc7 Rc2 30. a4 c4 31. a5 c3 32. a6 Kg7 33.
Rab7 Ra2 34. Rxc3 Rxa6 35. Rcc7 Ra5 36. Re7 Kg8 37. Red7 h5 38. Rdc7 Rf5 39.
Rc2 Rd8 40. Rb3 Kg7 41. Ra3 Rd4 42. Rf3 Kf6 43. Rc7 Rxf3 44. Kxf3 Rd3+ 45. Ke2
Ra3 46. Rb7 Ra1 47. Kf3 g5 48. Kg2 Kg6 49. Rb6 Kf5 50. Rb7 f6 51. Rh7 Kg6 52.
Rh8 Ra7 53. Rg8+ Rg7 54. Re8 e5 55. Rh8 Rh7 56. Rg8+ Kf5 57. Rf8 h4 58. Kf3 g4+
59. Ke2 Ra7 60. gxh4 Rh7 61. Kf1 Rxh4 62. Kg2 e4 63. Ra8 Kf4 64. Ra4 f5 65. Rb4
Rh3 66. Ra4 Rb3 67. Rc4 Rb2 68. Rc3 Re2 69. Kf1 Rd2 70. h3 Rd3 71. Rxd3 exd3
72. h4 Ke5 73. Ke1 f4 0-1

[Event "40. Turnaj sachovych nadeji - U15"]
[Site "ND Frydek-Mistek, Czech Republic"]
[Date "2019.04.19"]
[Round "4"]
[White "Paleri, Adithya P"]
[Black "Saidmurodov, Shahjahon"]
[Result "1/2-1/2"]
[WhiteElo "1800"]
[BlackElo "1775"]
[PlyCount "0"]
[EventDate "2019.04.18"]

1. d4 Nf6 2. c4 c5 3. d5 e5 4. Nc3 d6 5. e4 Be7 6. g3 Nbd7 7. Bg2 O-O 8. Nge2
Ne8 9. O-O g6 10. f4 Ng7 11. Qc2 f5 12. b3 fxe4 13. Bxe4 Nf5 14. Bxf5 gxf5 15.
Bb2 e4 16. Nd1 Bf6 17. Ne3 Bxb2 18. Qxb2 Qf6 19. Qxf6 Nxf6 20. h3 Bd7 21. Nc3
a6 22. Na4 Rae8 23. Nb6 h5 24. Nxd7 Nxd7 25. Kf2 Re7 26. Rg1 Rg7 27. Raf1 Rf6
28. Ke2 Kf7 29. Rg2 Kf8 30. Rfg1 Kf7 31. Rf1 Kf8 1/2-1/2

[Event "40. Turnaj sachovych nadeji - U15"]
[Site "ND Frydek-Mistek, Czech Republic"]
[Date "2019.04.19"]
[Round "4"]
[White "Frank, Adam"]
[Black "Srivastava, Arnav"]
[Result "1-0"]
[WhiteElo "2015"]
[BlackElo "1703"]
[PlyCount "0"]
[EventDate "2019.04.18"]

1. e4 e5 2. Nf3 Nc6 3. Bb5 a6 4. Ba4 Nf6 5. O-O b5 6. Bb3 Be7 7. Re1 O-O 8. h3
d6 9. c3 Nb8 10. d4 Nbd7 11. Nbd2 c5 12. Nf1 Re8 13. Ng3 Bb7 14. d5 c4 15. Bc2
g6 16. a4 Bf8 17. Be3 Qc7 18. Qd2 Bg7 19. Ra3 Rec8 20. Rea1 Nc5 21. Nh4 bxa4
22. Bh6 Ne8 23. Bxa4 Bxh6 24. Qxh6 Ng7 25. Bc2 f6 26. Nf3 Ne8 27. Nd2 Nd7 28.
h4 Nb6 29. Ra5 Qg7 30. Qe3 Qc7 31. Qf3 Qf7 32. Qe3 Qc7 33. h5 Kg7 34. Kf1 Rd8
35. Ke2 Rd7 36. Rh1 Kg8 37. hxg6 hxg6 38. Qh6 Rg7 39. Nf3 Kf7 40. Nh4 Nd7 41.
Ra2 Nf8 42. Qe3 Ke7 43. Nf3 Rf7 44. Raa1 Ng7 45. Rad1 Rc8 46. Nh4 Ne8 47. Qh6
g5 48. Ng6+ Nxg6 49. Qxg6 Ng7 50. Rh7 1-0

[Event "40. Turnaj sachovych nadeji - U15"]
[Site "ND Frydek-Mistek, Czech Republic"]
[Date "2019.04.20"]
[Round "5"]
[White "Mach, Petr"]
[Black "Paleri, Adithya P"]
[Result "1-0"]
[WhiteElo "2022"]
[BlackElo "1800"]
[PlyCount "0"]
[EventDate "2019.04.18"]

1. c4 e6 2. Nc3 d5 3. d4 c5 4. cxd5 exd5 5. Nf3 Nc6 6. g3 Nf6 7. Bg2 Be7 8. O-O
O-O 9. Bf4 c4 10. Ne5 Bf5 11. Qa4 Bd7 12. Nxd7 Qxd7 13. Rfd1 a6 14. e4 b5 15.
Qc2 Nb4 16. Qe2 dxe4 17. Nxe4 Nfd5 18. Nc5 Bxc5 19. dxc5 Qe6 20. Qxe6 fxe6 21.
Bd6 Rfd8 22. b3 Nd3 23. bxc4 bxc4 24. Be4 Nc3 25. Bxd3 Nxd1 26. Bxc4 Nc3 27.
Bxe6+ Kh8 28. a4 a5 29. Ra3 Ne2+ 30. Kg2 Nd4 31. Bg4 Ra6 32. Bc7 Rd5 33. Rd3 h5
34. Bc8 Rf6 35. Bb6 Rf8 36. Bb7 Rdf5 37. Rxd4 Rxf2+ 38. Kh3 g5 39. g4 h4 40.
Rd8 Rxd8 41. Bxd8 Ra2 42. Bf6+ Kh7 43. Bxg5 Rxa4 44. Kxh4 Rc4 45. c6 a4 46. Be7
Rc3 47. Bd6 1-0

[Event "40. Turnaj sachovych nadeji - U15"]
[Site "ND Frydek-Mistek, Czech Republic"]
[Date "2019.04.20"]
[Round "5"]
[White "Bartos, Vaclav"]
[Black "Frank, Adam"]
[Result "0-1"]
[WhiteElo "1807"]
[BlackElo "2015"]
[PlyCount "0"]
[EventDate "2019.04.18"]

1. d4 d6 2. Nf3 g6 3. c4 Nf6 4. Nc3 Bg7 5. e4 O-O 6. Be2 e5 7. dxe5 dxe5 8. O-O
Be6 9. Qb3 Nbd7 10. Qxb7 Ne8 11. Ng5 Nd6 12. Nxe6 Nxb7 13. Nxd8 Nxd8 14. Nd5 c6
15. Nc3 Ne6 16. Rd1 Nd4 17. Bd3 Rad8 18. b3 f5 19. Ba3 Rfe8 20. f3 Bf8 21. Bxf8
Kxf8 22. Kf2 a5 23. Ne2 fxe4 24. Bxe4 Nf6 25. Nc3 Kg7 26. Rd2 Nxe4+ 27. Nxe4 h6
28. Rad1 g5 29. Nc3 Kg6 30. Ne2 c5 31. Nc3 Rc8 32. Nd5 Re6 33. Re1 Rf8 34. Re4
h5 35. h3 Rb8 36. Nc3 Kf6 37. Ne2 a4 38. Nxd4 cxd4 39. bxa4 Rb4 40. Rc2 Rc6 41.
c5 Rxa4 42. Re1 Ke6 43. Re4 Kd5 44. Rce2 Re6 45. c6 Rc4 46. c7 Rxc7 47. a4 Rc4
48. Ra2 Ra6 49. a5 Rc5 50. Rae2 Kd6 51. h4 gxh4 52. Rxh4 Rcxa5 53. Rxh5 Ra2 54.
Rhxe5 d3 55. Re6+ Kd5 56. Rxa6 Rxe2+ 57. Kf1 Kd4 58. Rd6+ Ke3 59. Re6+ Kd2 60.
Rd6 Re1+ 61. Kf2 Re2+ 62. Kf1 Kc2 63. Rc6+ Kd1 64. Rd6 d2 65. Rc6 Re3 66. Kf2
Ra3 67. g4 Ra2 68. g5 Rc2 69. Ra6 Rc1 70. Ra2 Rc8 71. f4 Rc2 72. Ra1+ Rc1 73.
Ra2 Rc2 74. Ra3 Rc4 75. Kg3 Ke1 0-1

[Event "40. Turnaj sachovych nadeji - U15"]
[Site "ND Frydek-Mistek, Czech Republic"]
[Date "2019.04.20"]
[Round "5"]
[White "Nytra, Ondrej"]
[Black "John, Joshua"]
[Result "1-0"]
[WhiteElo "1896"]
[BlackElo "1665"]
[PlyCount "0"]
[EventDate "2019.04.18"]

1. e4 c5 2. Nf3 e6 3. d4 cxd4 4. Nxd4 Nc6 5. Nc3 Qc7 6. Be2 a6 7. O-O Nf6 8.
Be3 Bb4 9. Na4 Nxe4 10. Nxc6 Qxc6 11. Nb6 Rb8 12. Qd4 Bc5 13. Qxg7 Rf8 14. Nxc8
Rxc8 15. Bd3 Bxe3 16. fxe3 Nd2 17. Rf2 Ne4 18. Rf4 d5 19. Kh1 Qc5 20. Raf1 Rc7
21. Bxe4 dxe4 22. Rxe4 Qd5 23. Rd4 Qc5 24. Rfd1 Ke7 25. Qxh7 Rfc8 26. Qh4+ Kf8
27. Rd8+ Rxd8 28. Qh8+ Ke7 29. Qxd8# 1-0

[Event "40. Turnaj sachovych nadeji - U15"]
[Site "ND Frydek-Mistek, Czech Republic"]
[Date "2019.04.21"]
[Round "6"]
[White "Frank, Adam"]
[Black "Mach, Petr"]
[Result "1-0"]
[WhiteElo "2015"]
[BlackElo "2022"]
[PlyCount "0"]
[EventDate "2019.04.18"]

1. e4 e5 2. Nf3 Nc6 3. Bb5 a6 4. Ba4 Nge7 5. c3 g6 6. d4 exd4 7. cxd4 b5 8. Bb3
Bg7 9. O-O O-O 10. Nc3 d6 11. h3 Na5 12. Bf4 Nxb3 13. Qxb3 d5 14. e5 c6 15.
Rac1 a5 16. Rfe1 Ba6 17. Ne2 Qb6 18. Ng3 b4 19. Qe3 Rae8 20. Bh6 Bb5 21. Bxg7
Kxg7 22. Qg5 Ng8 23. Nh5+ Kh8 24. Nf6 Nxf6 25. exf6 Qd8 26. Re7 Qd6 27. Ne5
Rxe7 28. fxe7 f6 29. Nxg6+ hxg6 30. Qh6+ 1-0

[Event "40. Turnaj sachovych nadeji - U15"]
[Site "ND Frydek-Mistek, Czech Republic"]
[Date "2019.04.21"]
[Round "6"]
[White "Kesterson, Kennan"]
[Black "Nytra, Ondrej"]
[Result "1/2-1/2"]
[WhiteElo "1704"]
[BlackElo "1896"]
[PlyCount "0"]
[EventDate "2019.04.18"]

1. e4 e5 2. Nf3 Nc6 3. Bc4 Nf6 4. d3 Be7 5. c3 O-O 6. O-O d6 7. Nbd2 Na5 8. Bb5
a6 9. Ba4 b5 10. Bc2 c5 11. d4 Qc7 12. Nb3 Bg4 13. Nxa5 Qxa5 14. dxe5 dxe5 15.
h3 Rad8 16. Qe2 Bxf3 17. Qxf3 Qc7 18. Bg5 h6 19. Bxf6 Bxf6 20. Rfd1 Bg5 21.
Rxd8 Rxd8 22. Rd1 c4 23. Rxd8+ Qxd8 24. Qd1 Qxd1+ 25. Bxd1 Bc1 26. b3 cxb3 27.
axb3 Bb2 28. c4 bxc4 29. bxc4 Bd4 30. Kf1 Kf8 31. Ke2 Ke7 32. f3 Kd6 33. Kd3
Kc5 34. Bb3 Kb4 35. Kc2 f6 36. c5 Bxc5 37. h4 h5 38. Bf7 Bf2 39. Bxh5 Kc4 40.
Bf7+ Kd4 41. h5 Be1 42. Kb3 1/2-1/2

[Event "40. Turnaj sachovych nadeji - U15"]
[Site "ND Frydek-Mistek, Czech Republic"]
[Date "2019.04.21"]
[Round "6"]
[White "Rokos, Filip"]
[Black "Saidmurodov, Shahjahon"]
[Result "1-0"]
[WhiteElo "1835"]
[BlackElo "1775"]
[PlyCount "0"]
[EventDate "2019.04.18"]

1. e4 e5 2. Nf3 Nc6 3. Bb5 Nf6 4. d3 Bc5 5. c3 Qe7 6. O-O d6 7. h3 a6 8. Ba4 b5
9. Bc2 h6 10. Re1 g5 11. d4 Bb6 12. a4 Rb8 13. axb5 axb5 14. dxe5 Nxe5 15. Be3
Bxe3 16. Rxe3 g4 17. Nxe5 dxe5 18. h4 Be6 19. Bb3 Rg8 20. Bxe6 Qxe6 21. g3 Nh5
22. Na3 Kf8 23. Rd3 Nf6 24. Qe2 Kg7 25. Nc2 Qc4 26. Na3 Qe6 27. Rc1 b4 28. Nb1
Qb6 29. b3 Qc6 30. Nd2 Rge8 31. Nc4 bxc3 32. Rdxc3 Qxe4 33. Re3 Qf5 34. Nxe5
Re7 35. Nxg4 Rxe3 36. Nxe3 Qe6 37. Qc4 Qxc4 38. Rxc4 Rxb3 39. Rxc7 Ne4 40. Rc4
Nd2 41. Rg4+ Kh7 42. Kg2 Rd3 43. Nf5 Rd7 44. Ra4 f6 45. Ne3 Rb7 46. Rd4 Nb3 47.
Rd6 Rf7 48. Ng4 Kg7 49. Rd5 Kg6 50. Ne3 h5 51. Kh3 Nc1 52. Kg2 f5 53. Kf3 Rf6
54. Ng2 Na2 55. Nf4+ Kh6 56. Rd8 Rb6 57. Rh8+ Kg7 58. Rxh5 Rb3+ 59. Kg2 Kf6 60.
Rh6+ Kf7 61. Ra6 Nc3 62. Ra5 Kf6 63. Nd5+ Nxd5 64. Rxd5 Ke6 65. Ra5 Kf6 66. Ra2
Kg6 67. Re2 f4 68. Ra2 f3+ 69. Kh3 Kf5 70. g4+ Ke4 71. Kg3 Ke5 72. Ra4 Rc3 73.
Ra5+ Ke6 74. Rf5 Rc1 75. Kxf3 Rc3+ 76. Kg2 Rc4 77. Kg3 Rc3+ 78. Rf3 Rc4 79. Ra3
Kf7 80. Ra6 Kg8 81. f3 Kh8 82. h5 Kg8 83. Ra3 Kh7 84. Kh4 Rc5 85. f4 Kg7 86.
Ra6 Rc1 87. Kg5 Rc5+ 88. f5 Rc7 89. h6+ Kh7 90. Kh5 Rc8 91. Ra7+ Kh8 92. g5 Rd8
93. g6 Rc8 94. h7 Rf8 95. g7+ Kxh7 96. gxf8=R# 1-0

[Event "40. Turnaj sachovych nadeji - U15"]
[Site "ND Frydek-Mistek, Czech Republic"]
[Date "2019.04.21"]
[Round "7"]
[White "Rokos, Filip"]
[Black "Frank, Adam"]
[Result "1-0"]
[WhiteElo "1835"]
[BlackElo "2015"]
[PlyCount "0"]
[EventDate "2019.04.18"]

1. e4 d6 2. d4 Nf6 3. Nc3 g6 4. Be3 a6 5. f3 b5 6. Qd2 Bb7 7. O-O-O c6 8. g4
Nbd7 9. Kb1 Qa5 10. h4 O-O-O 11. Nh3 Bg7 12. h5 Rhf8 13. hxg6 hxg6 14. Ng5 Kb8
15. Qf2 b4 16. Ne2 Nb6 17. Nc1 Na4 18. Nb3 Qc7 19. Bc1 e6 20. Be2 Rh8 21. Qg3
Rxh1 22. Rxh1 Rh8 23. Rxh8+ Bxh8 24. Nc5 Nxc5 25. dxc5 Ne8 26. cxd6 Qxd6 27.
Qh3 Bg7 28. Nxf7 Qd7 29. Ng5 a5 30. Qh7 a4 31. Qxg6 Nc7 32. f4 a3 33. e5 axb2
34. Bxb2 Bc8 35. Bd3 Nd5 36. Qe4 Qa7 37. Nf3 c5 38. f5 Bb7 39. Qc4 Nc7 40. Be4
Ba6 41. Qb3 Bf8 42. c4 Bb7 43. Bxb7 Qxb7 44. Qd3 Qc8 45. f6 Qe8 46. Bc1 Na6 47.
g5 b3 48. Qxb3+ Kc7 49. a3 Qc6 50. Qd3 1-0

[Event "40. Turnaj sachovych nadeji - U15"]
[Site "ND Frydek-Mistek, Czech Republic"]
[Date "2019.04.21"]
[Round "7"]
[White "Mach, Petr"]
[Black "Kesterson, Kennan"]
[Result "0-1"]
[WhiteElo "2022"]
[BlackElo "1704"]
[PlyCount "0"]
[EventDate "2019.04.18"]

1. d4 Nf6 2. c4 g6 3. g3 Bg7 4. Bg2 d6 5. Nc3 O-O 6. Nf3 Nc6 7. O-O Rb8 8. e4
Bg4 9. h3 Bxf3 10. Bxf3 e5 11. d5 Nd4 12. Be3 Nd7 13. Bg2 c5 14. f4 f5 15. Qd2
exf4 16. Bxf4 Ne5 17. b3 a6 18. a4 Nxb3 0-1